000 01428nam a2200229Ia 4500
003 Ost
005 20260416102350.0
008 260416s9999||||xx |||||||||||||| ||und||
040 _cfsecg
041 _aara
082 _a658
100 _aزايد، مراد
_eمؤلف
245 0 _aمدخل لإدارة المنظمات (المؤسسات) /
_c مراد زايد
260 _aالجزائر
_bجامعة الجزائر3: كلية العلوم الإقتصادية، العلوم التجارية وعلوم التسيير
_c2013
300 _a178 ورقة
_bايضاحات
_c30 سم
520 _aمفاهيم عامة حول المنظمة، تطور المنظمة، بيئة المنظمة، الأهداف التنظيمية، دورة حياة المنظمة وحجمها، الهيكل التنظيمي، الإستراتيجية التنافسية للمنظمة، الإبداع في المنظمة، ادارة التطوير التنظيمي، الفعالية التنظيمية وطرق قياسها ، الادارة البيئية، الثقافة التنظيمية، الادارة الالكترونية
653 _aادارة الاعمال
653 _aالادارة
653 _aالتنظيم الاداري
710 _aجامعة الجزائر3: كلية العلوم الإقتصادية، العلوم التجارية وعلوم التسيير
_eناشر علمي
942 _cHANDOUT
999 _c40953
_d40953